LEADER 00862nam a2200229 i 4500 001 000000044652 003 CaOOAMICUS 005 20080423000000.0 008 080423s1909 fr u000 u fre u 013 $a15822 040 $aSeMil$bita 100 1 $aFabre, Joseph.$0(OLS)http://semarc/name/22239 245 13$aLa pensée antique :$bde Moïse a Marc-Aurèle /$cJoseph Fabre. 250 $a13ème éd., revue. 260 $aParis :$bFélix Alcan,$c1909. 300 $aIV, 367 p. ;$c23 cm. 650 4$aPensiero - Storia.$0(OLS)http://semarc/subject/9542 850 $aSeMil 852 $aSeMil$W1$xVenegono$y1$m2P I 126$j10807$B10807$CSeMilBibl$Z2$F10807 $81 961 $aRecupero: Altro 996 $6245$aLa pensée antique :$bde Moïse a Marc-Aurèle$9(OLS)http://semarc/title/66121 996 $6260$aParis :$bFélix Alcan$9(OLS)http://semarc/publisher/31890 LEADER 01381nam a2200301 i 4500 001 000000232856 003 CaOOAMICUS 005 20210128143929.0 008 140905s2014 fr u000 u fre u 013 $a211759 020 $a978-2-204-10269-8 040 $aSeMil$bita 100 1 $aRaimbault, Christophe.$0(OLS)http://semarc/name/79923 245 12$aL'avènement de l'amour :$bEpitre aux Romains 12 et 13 /$cChristophe Raimbault. 264 1$aParis :$bLes Éditions du Cerf,$c2014. 300 $a621 p. ;$c22 cm. 490 0 $aLectio divina ;$v265 650 4$aBibbia. Nuovo Testamento. Lettera ai Romani - Commentari, studi, critica, interpretazioni.$0(OLS)http://semarc/subject/31 650 4$aBibbia - NT - Lettere ai Romani 12.$0(OLS)http://semarc/subject/20092 650 4$aBibbia - NT - Lettere ai Romani 13.$0(OLS)http://semarc/subject/8092 830 0$aLectio divina ;$v265.$0(OLS)http://semarc/title/8 850 $aSeMil 852 $aSeMil$W1$xVenegono$y1$m2WA K 268$j183202$B183202$CSeMilBibl$Z2$F194112 $81 961 $aSottoscrizione: Cerf (Éditions) 996 $6020$a978-2-204-10269-8$9(OLS)http://semarc/number/236604 996 $6245$aL'avènement de l'amour :$bEpitre aux Romains 12 et 13$9(OLS)http://semarc/title/332232 996 $6264$aParis :$bLes Éditions du Cerf$9(OLS)http://semarc/publisher/29611